000 00989nam a2200241 i 4500
001 173231
003 ES-MaACL
005 20250628053047.0
008 091120s1987 ck d |||| | spa d
080 _a811.872.1'36
245 0 0 _aDiccionario y gramática chibcha
_b: manuscrito anónimo de la Biblioteca Nacional de Colombia /
_ctranscripción y estudio histórico-analítico por María Stella González de Pérez.
260 _aBogotá :
_bInstituto Caro y Cuervo,
_c1987.
300 _a395 p., [28] p. ;
_c23 cm.
490 1 _aBiblioteca "Ezequiel Uricoechea" ;
_v1
650 7 _aLengua chibcha-
_xGramática.
_914110
650 4 _aIndios de América del Sur-
_xLenguas.
_9143159
700 1 _aGonzález de Pérez, María Stella.
_9162813
710 2 _aInstituto Caro y Cuervo.
_94806
830 0 _aBiblioteca "Ezequiel Uricoechea" ;
_v1
_9189201
852 _aES-MaACL
_cDEPO2
_hDonat. herederos José Prat
_jC-57075
942 _2udc
_cMONOGRAFIA
_n0
999 _c173231
_d173231